000 00214nam a22000857a 4500
999 _c5483
_d5483
008 170116b xxu||||| |||| 00| 0 eng d
020 _a9788172162658
100 _92439
_aRathore.B.S.
245 _aA to Z Basket Ball
260 _aNew Delhi
_bF.P.
_c2009